[Event "Dhaka Marcel op"]
[Site "Dhaka"]
[Date "2022.04.24"]
[Round "6"]
[White "Abzid, Rahman"]
[Black "Abdul, Momin"]
[Result "1/2-1/2"]
[WhiteElo "2091"]
[BlackElo "1916"]
[PlyCount "59"]
[EventDate "2022.04.19"]
[EventType "swiss"]
[EventRounds "9"]
[EventCountry "BAN"]
[SourceTitle "EXT 2023"]
[Source "ChessBase"]
[SourceDate "2022.10.05"]
[SourceVersion "1"]
[SourceVersionDate "2022.10.05"]
[SourceQuality "1"]

1. d4 d5 2. c4 e6 3. Nc3 Nf6 4. cxd5 exd5 5. Bg5 Be6 6. e3 Be7 7. Bd3 Nbd7 8. Nge2 a6 9. 0-0 c5 10. f3 0-0 11. Qd2 Re8 12. Rfe1 b5 13. Nf4 cxd4 14. exd4 Qb6 15. Nxe6 fxe6 16. Be3 Bd6 17. Ne2 Rac8 18. g3 Qb8 19. Kg2 e5 20. Bf5 e4 21. f4 Rc4 22. Rec1 Bb4 23. Qd1 Nb6 24. b3 Rxc1 25. Qxc1 Qd6 26. Qc2 Nfd7 27. Rc1 Rc8 28. Qb2 Ba3 29. Rxc8+ Nxc8 30. Qc2 1/2-1/2